000 00346nam a2200145Ia 4500
008 230917s9999||||xx |||||||||||||| ||und||
040 _e81434
_aMAIN
041 _aEnglish
082 _a342.7 B235F
100 _aBarendt, Eric
245 0 _aFreedom of speech
260 _aOxford
_bClarendon Press
_c1985
300 _axxii, 314 p.
942 _cBK
999 _c56235
_d56235